000 04141nam0a2200457 4500
001 RU\NLR\BIBL_A\022737075
005 20260407093206.0
029 1 0 _aRU
_b949-2023
_cГОСТ
035 _a(NLR Aleph) 022737075
090 _a13639701
_c13639701
100 _a20260226d2025 k y0rusy50 ca
101 0 _arus
102 _aRU
105 _ay l 000|y
181 0 _ai
_baxxe
182 0 _an
200 1 _aБаллоны стальные бесшовные на рабочее давление не более 30,0 МПа (305,9 кгс/см²) вместимостью не более 100 л для транспортировки, хранения и использования газов
_eтехнические условия
_dSeamless steel cylinders for working pressure below 30,0 MPa (305,9 kgf/sm) with capacity not exceeding 100 l for transportation, storage and use of gas. Specifications
_zeng
_eГОСТ 949-2023
_fРазработан Русским научно-исследовательским институтом трубной промышленности (АО "РусНИТИ")
203 _aТекст
_bвизуальный
_cнепосредственный
205 _aИзд. офиц.
_bИзд. ноябрь 2025г. с Поправкой
210 _aМосква
_cРоссийский институт стандартизации
_d2025
215 _aVI, 43 c.
_d29
225 1 _aМежгосударственный стандарт
_fМежгосударственный совет по стандартизации, метрологии и сертификации
239 _aВвед. 01.01.2025
_aвзамен ГОСТ 949-73
320 _aБиблиогр.: с.42 (3 назв.)
451 0 _1001RU\NLR\BIBL_A\022037479
_12001#$aБаллоны стальные бесшовные на рабочее давление не более 30,0 МПа (305,9 кгс/см²) вместимостью не более 100 л для транспортировки, хранения и использования газов. технические условия
_912558674
_cМосква
_d2023
_eИзд. офиц.
_fРазработан Русским научно-исследовательским институтом трубной промышленности (АО "РусНИТИ")
_lSeamless steel cylinders for working pressure below 30,0 MPa (305,9 kgf/sm) with capacity not exceeding 100 l for transportation, storage and use of gas. Specifications
_nРоссийский институт стандартизации
_oтехнические условия : ГОСТ 949-2023
_pVI, 43 c.
_tБаллоны стальные бесшовные на рабочее давление не более 30,0 МПа (305,9 кгс/см²) вместимостью не более 100 л для транспортировки, хранения и использования газов
510 1 _aSeamless steel cylinders for working pressure below 30,0 MPa (305,9 kgf/sm) with capacity not exceeding 100 l for transportation, storage and use of gas. Specifications
_zeng
517 1 _aГОСТ 949-2023
606 1 _aЕстественные газы
_jТехнические условия
_xХранение
_92526092
_3RU\NLR\AUTH\661496547
606 1 _aЕстественные газы
_jТехнические условия
_xТранспортировка
_91425021
_3RU\NLR\AUTH\66290487
606 1 _aСосуды, работающие под давлением стальные
_jТехнические условия
_91659639
_3RU\NLR\AUTH\661033900
686 _v2000
_2oks
686 1 _aЛ54-309я863
686 1 _aО184.88я863
686 1 _aЛ114.037-51я863
712 0 2 _4725
_aМежгосударственный совет по стандартизации, метрологии и сертификации
_3RU\NLR\AUTH\8823529
_9321571
712 0 2 _4900
_aРусский НИИ трубной промышленности
_cЧелябинск
_9791045
_3RU\NLR\AUTH\880561953
942 _cBOOK
980 _aNB